[Event "Internet Section 10B g/8'+2\""]
[Site "Dos Hermanas"]
[Date "2004.03.11"]
[Round "4"]
[White "Ostrowski, Leszek"]
[Black "Kolev, Atanas"]
[Result "0-1"]
[WhiteElo "2354"]
[BlackElo "2530"]
[PlyCount "92"]
[EventDate "2004.03.10"]
[EventType "swiss (blitz)"]
[EventRounds "9"]
[EventCountry "ESP"]
[SourceTitle "EXT 2005"]
[Source "ChessBase"]
[SourceDate "2004.11.15"]
[SourceVersion "1"]
[SourceVersionDate "2004.11.15"]
[SourceQuality "1"]

1. d4 Nf6 2. Nf3 d5 3. c4 e6 4. Nc3 dxc4 5. e4 Bb4 6. Bg5 c5 7. Bxc4 cxd4 8. Nxd4 Nbd7 9. Ndb5 0-0 10. a3 Be7 11. Bf4 e5 12. Bg3 Qb6 13. a4 a6 14. a5 Qc5 15. Na3 Qxa5 16. 0-0 Nb6 17. Bb3 Qc5 18. Rc1 Bg4 19. Qd3 Qd4 20. Qb1 Nh5 21. Nc2 Qd6 22. Ne3 Nxg3 23. hxg3 Bd7 24. Rfd1 Qg6 25. Ncd5 Bg5 26. Nxb6 Qxb6 27. Nc4 Qb4 28. Rc3 Be6 29. Qc2 Rad8 30. Rxd8 Rxd8 31. Ba2 Be7 32. Bb1 g6 33. Nxe5 Bf6 34. Nd3 Qxe4 35. Rc7 b5 36. Kh2 Bc4 37. Nc5 Qxc2 38. Bxc2 Bxb2 39. Be4 a5 40. Ra7 Bd4 41. Rc7 Bxc5 42. Rxc5 a4 43. Rc7 a3 44. Ra7 b4 45. g4 a2 46. g5 b3 0-1